000 00532cab a2200181 4500
001 WB2319-10
008 090401t1987 xxu||||| |||| 00| 0 eng d
035 _a(Sirsi) u427
041 _aeng
245 _aRepair work a waste
260 _c1987
350 _a0
490 _aEstates Times
_vno 893, 8/5/87 p2
520 _aAccording to EC Harris and Partners , vast sums of money are spent repairing and refurbishing 1960s buildings which should be demolished.
690 _aBUILT ENVIRONMENT
942 _n0
948 _c04/03/1997
999 _c176
_d176